[Event "Moscow op-B"]
[Site "Moscow"]
[Date "2009.02.07"]
[Round "8"]
[White "Yusubov, Timur"]
[Black "Mironov, Yury"]
[Result "1-0"]
[WhiteElo "2023"]
[BlackElo "1792"]
[PlyCount "64"]
[EventDate "2009.01.31"]
[EventType "swiss"]
[EventRounds "9"]
[EventCountry "RUS"]
[SourceTitle "EXT 2012"]
[Source "ChessBase"]
[SourceDate "2011.11.24"]
[SourceVersion "1"]
[SourceVersionDate "2011.11.24"]
[SourceQuality "1"]

1. Nc3 Nf6 2. e4 e5 3. g3 d5 4. exd5 Nxd5 5. Bg2 Nxc3 6. bxc3 c5 7. Qe2 Qe7 8. d3 Qe6 9. Nf3 Bd6 10. Ng5 Qe7 11. Bd5 0-0 12. Qe4 g6 13. Qh4 h5 14. Rg1 Kg7 15. g4 Rh8 16. gxh5 Rxh5 17. Ne6+ Bxe6 18. Qxe7 Bxe7 19. Bxb7 Rxh2 20. Bxa8 Bf6 21. Be3 Nd7 22. Bc6 e4 23. d4 cxd4 24. cxd4 Nb6 25. Bxe4 Nc4 26. Rh1 Rxh1+ 27. Bxh1 Bf5 28. c3 Be7 29. Bd5 Na3 30. Rc1 Nb1 31. c4 Ba3 32. Rxb1 Bxb1 1-0

[Event "Moscow op-B"]
[Site "Moscow"]
[Date "2009.02.05"]
[Round "6"]
[White "Mironov, Yury"]
[Black "Kalmykova, Tatiana"]
[Result "1/2-1/2"]
[WhiteElo "1792"]
[BlackElo "1400"]
[PlyCount "68"]
[EventDate "2009.01.31"]
[EventType "swiss"]
[EventRounds "9"]
[EventCountry "RUS"]
[SourceTitle "EXT 2023"]
[Source "ChessBase"]
[SourceDate "2022.10.05"]
[SourceVersion "1"]
[SourceVersionDate "2022.10.05"]
[SourceQuality "1"]

1. e4 c6 2. d4 d5 3. e5 Bf5 4. Bd3 Bxd3 5. Qxd3 e6 6. f4 Qh4+ 7. g3 Qe7 8. Nf3 c5 9. Qb5+ Qd7 10. Qxd7+ Nxd7 11. Be3 Rc8 12. c3 cxd4 13. Bxd4 Bc5 14. Nbd2 Ne7 15. Nb3 Nf5 16. Nxc5 Nxc5 17. Bxc5 Rxc5 18. 0-0 0-0 19. Rfe1 Rd8 20. Rad1 Rdc8 21. g4 Ne7 22. Kf2 b5 23. a3 Nc6 24. Rd3 Rc4 25. Kg3 Re4 26. Rde3 Rxe3 27. Rxe3 Na5 28. Nd4 Nc4 29. Re2 a6 30. f5 Re8 31. fxe6 fxe6 32. h4 Nb6 33. Nc6 Nd7 34. Nb4 Nc5 1/2-1/2

[Event "Moscow op-B"]
[Site "Moscow"]
[Date "2009.02.04"]
[Round "5"]
[White "Matsokina, Evgenia"]
[Black "Mironov, Yury"]
[Result "1-0"]
[WhiteElo "2036"]
[BlackElo "1792"]
[PlyCount "77"]
[EventDate "2009.01.31"]
[EventType "swiss"]
[EventRounds "9"]
[EventCountry "RUS"]
[SourceTitle "EXT 2012"]
[Source "ChessBase"]
[SourceDate "2011.11.24"]
[SourceVersion "1"]
[SourceVersionDate "2011.11.24"]
[SourceQuality "1"]

1. d4 Nf6 2. c4 e6 3. g3 d5 4. Bg2 Bb4+ 5. Bd2 Bxd2+ 6. Nxd2 0-0 7. Ngf3 Qe7 8. 0-0 Rd8 9. Qc2 Nbd7 10. cxd5 Nb6 11. dxe6 Bxe6 12. e4 c6 13. Ng5 g6 14. Nxe6 Qxe6 15. e5 Nfd5 16. Ne4 Kg7 17. Nd6 Rd7 18. Qb3 Qe7 19. Bh3 Rc7 20. Ne4 Rd8 21. Rfe1 Qb4 22. Rad1 Qxb3 23. axb3 Nc8 24. f4 Nb4 25. Rd2 c5 26. Rc1 b6 27. e6 f5 28. Ng5 Re7 29. Nf7 Rde8 30. d5 Rxf7 31. exf7 Kxf7 32. d6 Rd8 33. d7 Ne7 34. Bg2 Nbc6 35. Rd6 Nd4 36. Ra1 Nb5 37. Rd3 a5 38. b4 axb4 39. Ra8 1-0

[Event "Moscow op-B"]
[Site "Moscow"]
[Date "2009.02.03"]
[Round "4"]
[White "Mironov, Yury"]
[Black "Kanaev, Sergey"]
[Result "1-0"]
[WhiteElo "1792"]
[BlackElo "1400"]
[PlyCount "53"]
[EventDate "2009.01.31"]
[EventType "swiss"]
[EventRounds "9"]
[EventCountry "RUS"]
[SourceTitle "EXT 2012"]
[Source "ChessBase"]
[SourceDate "2011.11.24"]
[SourceVersion "1"]
[SourceVersionDate "2011.11.24"]
[SourceQuality "1"]

1. e4 c5 2. Nf3 d6 3. d4 cxd4 4. Nxd4 Nc6 5. Be3 Nf6 6. Nc3 a6 7. Be2 e6 8. 0-0 Be7 9. Nb3 0-0 10. f4 b5 11. a3 Qc7 12. Bf3 Bb7 13. Qe2 Rab8 14. Qf2 Ba8 15. Rad1 Rfc8 16. Rd2 a5 17. a4 b4 18. Nb5 Qd7 19. e5 Ne8 20. exd6 Bf6 21. Nc5 Qd8 22. d7 Bxb2 23. dxc8Q Qxc8 24. Rfd1 Nf6 25. Nd7 Nxd7 26. Rxd7 h6 27. Na7 1-0